Соколова С. И., монахиня

Доступно только в Электронных читальных залах Найти на картеНа карте
RUSMARC
00004060nmc2a22002891x 450
0013e8a9e32-2186-41da-b908-a7ac0d65dcc1
00520130831133203.0
100##$a20130731l19001904k y0rusy50 ca
1010#$arus
102##$aRU
105##$ay z |||||
2001#$aСоколова С. И., монахиня
$j8 августа 1900 - 19 октября 1904
215##$a21 лист
$cмарка
251##$cДело
300##$aЗаголовок дела на папке: Письма Соколовой Софьи Никольскому Б. Вл.
300##$a6 писем (из них 1 черновик письма Никольского)
300##$aЛист 21: конверт (1 марка)
300##$aРукописный текст
330##$aА. Переписка; 1. Письма к Б. В. Никольскому; (Геерлингер И., Мичерлинг А. А.) см. № 495
461#0$10011c5950b4-9b17-43ad-92f1-e565a07ae223
$12001
$aНикольский Борис Владимирович, историк права, профессор Юрьевского и Петербургского университетов, один из руководителей главного совета "Русского собрания", поэт, критик
$1251
$cФонд
$1852
$j588
462#0$1001855f2cb0-80f8-42f6-88fa-41bf4837b2b7
$12001
$aНикольский Борис Владимирович. 1837-1919 гг.
$1251
$cОпись
$1852
$j1
517##$aПисьма Соколовой Софьи Никольскому Б. Вл.
600#1$aНикольский
$bБ. В.
$gБорис Владимирович
600#1$aСоколова
$bС. И.
$cмонахиня
$gСофья И.
801#0$aRU
$bGA_RF
801#1$aRU
$bНПО Опыт
$c20130731
$2rusmarc
801#2$aRU
$bПБ им. Б.Н. Ельцина
$c20130831
$gRCR
$2rusmarc
852##$aГА РФ
$j731
937##$d31186962
$hПБ
035##$aRuPRLIB51010423
Формат отображения